Business Communication Today/ (Record no. 200740)

MARC details
000 -LEADER
fixed length control field 00780nam a22002177a 4500
005 - DATE AND TIME OF LATEST TRANSACTION
control field 20240214164553.0
010 ## - LCCN (DPL NO)
LC control number ENG-139233
020 ## - INTERNATIONAL STANDARD BOOK NUMBER
Terms of availability 499.00
International Standard Book Number 9789356064317
035 ## - SYSTEM CONTROL NUMBER
System control number EN-122765
037 ## - SOURCE OF ACQUISITION
Source of stock number/acquisition DBAD/PUB
082 ## - DEWEY DECIMAL CLASSIFICATION NUMBER
Classification number 625.45
Edition number 15
100 ## - MAIN ENTRY--PERSONAL NAME
Personal name Bovee, Courtland L
245 ## - TITLE STATEMENT
Title Business Communication Today/
Statement of responsibility, etc By Courtland L Bovee; John V Thill and Roshan Lal Raina
250 ## - EDITION STATEMENT
Edition statement 15
260 ## - PUBLICATION, DISTRIBUTION, ETC. (IMPRINT)
Place of publication, distribution, etc Uttar Pradesh
Name of publisher, distributor, etc Pearson India Education Pvt Ltd
Date of publication, distribution, etc 2022
270 ## - ADDRESS
City Uttar Pradesh
Address 15th FLoor, Tower-B, World Trade Tower, Plot No.1, Block- C, Sector-16, Noida
Postal code 201301
300 ## - PHYSICAL DESCRIPTION
Extent xlv,709p.
Dimensions 25cm(pb)
Other physical details Index
700 ## - ADDED ENTRY--PERSONAL NAME
Personal name Thill, John V
Relator term Author
9 (RLIN) 62075
700 ## - ADDED ENTRY--PERSONAL NAME
Personal name Raina, Roshan Lal
Relator term Author
9 (RLIN) 62076
942 ## - ADDED ENTRY ELEMENTS (KOHA)
Source of classification or shelving scheme Dewey Decimal Classification
Item type English Books
Classification part 658.45
Call number suffix BOV
Edition 15
Holdings
Withdrawn status Lost status Not for loan Collection code Home library Current library Date acquired Source of acquisition Cost, normal purchase price Full call number Barcode Copy number Cost, replacement price Koha item type
      Non-fiction Central Library Central Library 14/02/2024 DBAD 825.00 658.45 BOV EN-122765 1 825.00 English Books

© Delhi Public Library
Hit Counter
free hit counter